Goodman & Gilman's the pharmacological basis of therapeutics
Gespeichert in:
| Format: | Buch |
|---|---|
| Sprache: | Undetermined |
| Veröffentlicht: |
New York
McGraw-Hill
2001
|
| Schlagworte: | |
| Tags: |
Tag hinzufügen
Keine Tags, Fügen Sie den ersten Tag hinzu!
|
| Thư viện lưu trữ: | Trung tâm Học liệu Trường Đại học Cần Thơ |
|---|
| LEADER | 00530nam a2200181Ia 4500 | ||
|---|---|---|---|
| 001 | CTU_61426 | ||
| 008 | 210402s9999 xx 000 0 und d | ||
| 020 | |c 985800 | ||
| 082 | |a 615.7 | ||
| 082 | |b G653 | ||
| 245 | 0 | |a Goodman & Gilman's the pharmacological basis of therapeutics | |
| 245 | 0 | |c Edited by Joel G Hardman and Lee E. Limbird | |
| 260 | |a New York | ||
| 260 | |b McGraw-Hill | ||
| 260 | |c 2001 | ||
| 650 | |a Pharmacology,Chemotherapy | ||
| 904 | |i Minh,Hải | ||
| 980 | |a Trung tâm Học liệu Trường Đại học Cần Thơ | ||